| 000 | 01257nam a2200337 a 4500 | ||
|---|---|---|---|
| 001 | 000108588 | ||
| 003 | CHAP | ||
| 005 | 20220329144018.0 | ||
| 008 | 140225s2012 mx sm |||||||spa d | ||
| 010 | _a105050 | ||
| 011 | _a106022 | ||
| 040 | _cCHAP | ||
| 090 | _aTesis | ||
| 100 | 1 |
_aLarios Cueto, Silvia _9125619 |
|
| 245 | 1 | 0 |
_aEvaluación del comportamiento productivo, rendimiento en canal y costos de producción en ganado bovino en finalización suplementado con beta-agonistas _h[En línea] _cpor Silvia Larios Cueto. |
| 260 |
_aChapingo, Méx. : _bEl autor, _c2012. |
||
| 500 | _aPara ver el contenido del material haga clic en la liga | ||
| 502 | _aTesis (Ing. Agr. Esp. en Zootecnia) -- UACH. Departamento de Zootecnia | ||
| 590 |
_aBATCH-UPD _b05 _c20140324 _lUCH01 _h1535 |
||
| 590 |
_aBATCH-UPD _b05 _c20141002 _lUCH01 _h0856 |
||
| 590 |
_aE6096MTM _b05 _c20140225 _lUCH01 _h1459 |
||
| 590 |
_aE6096MTM _b05 _c20140225 _lUCH01 _h1500 |
||
| 650 | 1 | 4 |
_aCarne de res en canal. _919223 |
| 650 | 1 | 4 |
_aCarne de res _xProducción. _919222 |
| 650 | 1 | 4 |
_aCostos de producción. _928514 |
| 650 | 1 | 4 |
_aEvaluación. _938913 |
| 856 |
_aFinding aid _uhttp://10.13.5.2/tesis/sist108588.pdf _zTeclea aquí |
||
| 901 | _aBK | ||
| 942 | _cCD | ||
| 942 | _n0 | ||
| 999 |
_c105050 _d105050 |
||